000 00901nam a22002777a 4500
001 8593
003 FISKH
005 20251002104343.0
008 251002b cb ||||| |||| 00| 0 eng d
020 _a033500980107
040 _aFISKH
_beng
_cFISKH
_dFISKH
050 _aPZ7.H7755 H
082 _a 476
100 _aHopkins, Margo
245 _aHoney rabbit /
_cby Margo Hopkins ; Illustrated by Cyndy Szekeres
260 _aNew York :
_bGolden Press,
_c1982.
300 _a12 unnumbered pages :
_bcolor illustrations ;
_c24 cm
505 _aH
520 _aHoney Rabbit finds out from all the forest animals what spring means to each one. On heavy board pages, cut in the shape of a rabbit.
521 8 _a430
_bLexile estimate
521 8 _aH
_bRaz-Plus
650 _aBoard book
_vspring
700 _aSzekeres, Cyndy
_eillustrator
942 _2ddc
_cBK
_n0
999 _c8593
_d8593